Ciencias del lenguaje, competencia comunicativa y enseñanza de la lengua.

Uloženo v:
Podrobná bibliografie
Hlavní autor: Lomas, Carlos (autor)
Médium: Kniha
Jazyk:španělština
Edice:(Papeles de la educación, 13).
Témata:
Tagy: Přidat tag
Žádné tagy, Buďte první, kdo vytvoří štítek k tomuto záznamu!

MARC

LEADER 00000nam^a2200000^u^4500
001 000495068
005 20250521000000.0
008 110404s1000^^^^^^^^^^^^r^^^^^000^0^eng^d
009 20260310125540.762
022 |a 8475098924 
035 |a FCE 000038472 
037 |a Acervo ITESO - Biblioteca 
041 |a spa 
082 0 4 |a 372.6  |b LOMc 
100 |a Lomas, Carlos  |e (autor) 
245 1 0 |a Ciencias del lenguaje, competencia comunicativa y enseñanza de la lengua. 
264 |a Barcelona :  |b Paidós,  |c 1993. 
300 |a 117 p. 
336 |a texto  |b txt  |2 rdacontenido 
337 |a sin mediación  |b n  |2 rdamedio 
338 |a volumen  |b nc  |2 rdasoporte 
440 0 0 |a (Papeles de la educación, 13). 
649 |a XX 
650 |a Comunicación 
650 |a Enseñanza de la lengua 
910 |a Fondo Centro de Estudios Educativos 
920 |a Impresos - Libros 
930 |a Fondos Especiales 
905 |a 133 
901 |a ALE051363  |b IT2  |c CEE  |u 20250521 
902 |a https://opac.biblio.iteso.mx/vufind/Record/000495068